Statistics for British groups of things

Click here to take the quiz!

General Stats

  • This quiz has been taken 267 times
  • The average score is 14 of 28

Answer Stats

Hint% Correct
London
96%
Edinburgh
95%
The four British capitalsBelfast
94%
Cardiff
94%
Thames
92%
Anne Boleyn
87%
Jersey
77%
The five longest rivers in BritainSevern
73%
The six wives of Henry VIIICatherine of Aragon
73%
Guernsey
71%
Jane Seymour
71%
Ronnie Corbett
70%
Catherine Parr
67%
Anne of Cleves
61%
The two RonniesRonnie Barker
60%
Catherine Howard
45%
Trent
39%
The seven inhabited Channel IslandsAlderney
38%
Sark
38%
The three devolved governmentsHolyrood
24%
Wye
19%
Stormont
19%
Y Senedd
18%
Herm
9%
The one lake in the Lake DistrictBassenthwaite Lake
5%
Great Ouse
4%
Jethou
3%
Brecqhou
2%

Score Distribution

Percentile by Number Answered

Percent of People with Each Score

Your Score History

You have not taken this quiz